|
|
|
|
| LEADER |
00000cam a2200000 7i4500 |
| 001 |
0000000641 |
| 005 |
20050622.0 |
| 020 |
|
|
|a 0226964868
|
| 040 |
|
|
|a INS
|
| 090 |
0 |
0 |
|a HQ769.
|b Y59 1980
|
| 100 |
1 |
|
|a Youniss, James E.
|
| 245 |
1 |
0 |
|a Parents and peers in school development :
|b A. Sullivan - Piaget Perspective
|c James E. Youniss
|
| 260 |
|
|
|a Phoenix :
|b The University of Chicago Press ,
|c 1980
|
| 300 |
|
|
|a xviip :
|b 301p ;
|c 23cm.
|
| 500 |
|
|
|a Includes index
|
| 600 |
0 |
0 |
|a Sullivan
|h Harry Stack
|
| 650 |
0 |
0 |
|a Child development
|
| 650 |
0 |
0 |
|a Parent and child
|
| 650 |
0 |
0 |
|a Peer groups
|
| 999 |
|
|
|a 0000003364
|b BOOK
|c Open Shelf
|e Default branch
|